The Entrepreneurial Vocation (Record no. 62706)

MARC details
000 -LEADER
fixed length control field 00765nam a2200181 a 4500
008 - FIXED-LENGTH DATA ELEMENTS--GENERAL INFORMATION
fixed length control field 120416s2001 ||||||||||||||||| || u
020 ## - INTERNATIONAL STANDARD BOOK NUMBER
International Standard Book Number 1880595206
050 ## - LIBRARY OF CONGRESS CALL NUMBER
Classification number AISRL(02)
100 ## - MAIN ENTRY--PERSONAL NAME
Personal name Sirico, Robert A
245 14 - TITLE STATEMENT
Title The Entrepreneurial Vocation
260 ## - PUBLICATION, DISTRIBUTION, ETC.
Place of publication, distribution, etc. Michigan
Name of publisher, distributor, etc. Acton Institute
Date of publication, distribution, etc. 2001
300 ## - PHYSICAL DESCRIPTION
Extent 39p. : ill.
350 ## -
-- 0.00
650 #0 - SUBJECT ADDED ENTRY--TOPICAL TERM
Topical term or geographic name entry element ENTREPRENEURSHIP
710 ## - ADDED ENTRY--CORPORATE NAME
Corporate name or jurisdiction name as entry element Acton Institute for the Study of Religion and Liberty
995 ## -
-- SPECIAL COLLECTIONS
-- 0.00
-- 03004693
-- CBU-MAIN LIBRARY (Kitwe)
-- 1
-- 0.00
-- AISRL(02)2001/1B
-- 2
-- AVAILABLE
-- Oct 15, 2009
-- 03004693
-- International Publications
995 ## -
-- SPECIAL COLLECTIONS
-- 0.00
-- 0019212
-- CBU-MAIN LIBRARY (Kitwe)
-- 1
-- 0.00
-- AISRL(02)2001/1B
-- 1
-- AVAILABLE
-- 0019212
-- International Publications
999 ## -
-- 62706
-- 62706
Holdings
Withdrawn status Lost status Source of classification or shelving scheme Damaged status Not for loan Permanent Location Current Location Shelving location Date acquired Total Checkouts Full call number Barcode Date last seen Price effective from Koha item type
          CBU-MAIN LIBRARY, KITWE. CBU-MAIN LIBRARY, KITWE.   12/16/2022   AISRL(02) 03004693 12/16/2022 12/16/2022 MONOGRAPH
          CBU-MAIN LIBRARY, KITWE. CBU-MAIN LIBRARY, KITWE.   12/16/2022   AISRL(02) 0019212 12/16/2022 12/16/2022 MONOGRAPH